Les points cardinaux en espagnol - Statistiques

Statistiques générales
  • Ce quiz a été pris 86 fois
  • Le résultat moyen est 6 sur 8
Statistiques - réponses
Hint Réponse % Correct
Est Este
93%
Sud Sur
91%
Nord Norte
88%
Ouest Oeste
86%
Sud-est Sureste
79%
Sud-ouest Suroeste
74%
Nord-ouest Noroeste
72%
Nord-est Nordeste
33%
Aucun quiz correspondant
Distribution des résultats
% des personnes avec chaque résultat
Percentile par nombre de réponses
Votre historique - résultats
Vous n’avez pas pris ce quiz